UBT Library

Cortina French-English military manual / (Record no. 39189)

000 -LEADER
fixed length control field 00626cam a22002291a 4500
001 - CONTROL NUMBER
control field 5904481
005 - DATE AND TIME OF LATEST TRANSACTION
control field 20171219092022.0
008 - FIXED-LENGTH DATA ELEMENTS--GENERAL INFORMATION
fixed length control field 820728s1917 nyuab b 000 0 fre
010 ## - LIBRARY OF CONGRESS CONTROL NUMBER
LC control number 17021728
035 ## - SYSTEM CONTROL NUMBER
System control number (OCoLC)8637437
040 ## - CATALOGING SOURCE
Original cataloging agency DLC
Transcribing agency VtU
Modifying agency VtU
-- DLC
041 ## - LANGUAGE CODE
Language code of text/sound track or separate title eng
042 ## - AUTHENTICATION CODE
Authentication code premarc
080 ## - UNIVERSAL DECIMAL CLASSIFICATION NUMBER
Universal Decimal Classification number 038 PIC
082 ## - DEWEY DECIMAL CLASSIFICATION NUMBER
Classification number 038 PIC
100 1# - Rafti
Rafti 23
101 ## - Shkurtesa
Shkurtesa FJA
245 10 - TITLE STATEMENT
Title Cortina French-English military manual /
Statement of responsibility, etc by Jean A. Picard ; foreword by Major-General Leonard Wood.
504 ## - BIBLIOGRAPHY, ETC. NOTE
Bibliography, etc Bibliography: p. 189.
906 ## - LOCAL DATA ELEMENT F, LDF (RLIN)
a 7
b cbc
c oclcrpl
d u
e ncip
f 19
g y-gencatlg
942 ## - ADDED ENTRY ELEMENTS (KOHA)
Source of classification or shelving scheme
Item type Books
Holdings
Withdrawn status Lost status Source of classification or shelving scheme Damaged status Not for loan Collection code Permanent location Current location Shelving location Date acquired Total Checkouts Full call number Barcode Date last seen Price effective from Koha item type
          Koleksioni i përgjithshem UBT - Lipjan UBT - Lipjan Koleksioni i përgjithshem 12/19/2017   038 PIC 002-2938957 12/19/2017 12/19/2017 Books
UBT Library © 2015-2024. All rights reserved University Education for Business and Technology